[Event "Hajduszoboszlo"]
[Site "Hajduszoboszlo"]
[Date "1995.??.??"]
[Round "8"]
[White "Felegyhazi, Laszlo"]
[Black "Kovacs, Laszlo M"]
[Result "1-0"]
[WhiteElo "2350"]
[BlackElo "2345"]

1.Nf3 d5 2.g3 Nf6 3.Bg2 c6 4.c4 dxc4 5.Na3 g6 6.Nxc4 Bg7 7.O-O O-O 8.d3 Nbd7
9.Bd2 Nd5 10.Rc1 a5 11.b3 Nb4 12.a3 Nd5 13.Qc2 b5 14.Ne3 Nxe3 15.Bxe3 Bb7
16.Nd4 Rc8 17.b4 axb4 18.axb4 Nb6 19.Nb3 Nd5 20.Bd2 Qd6 21.Nc5 Ba8 22.Qb3 h5
23.h4 Bd4 24.e3 Bg7 25.Ne4 Qe5 26.Rc2 Rfd8 27.Rfc1 Qb8 28.Ng5 e6 29.Ne4 Rc7
30.Nc5 Ra7 31.e4 Nb6 32.Bf4 Qc8 33.Bh3 Kh7 34.Be3 Bd4 35.Bxd4 Rxd4 36.Qc3 Qd8
37.Bxe6 Na4 38.Nxa4 Rxa4 39.Bd5 Rdxb4 40.Bb3 Rxb3 41.Qxb3 Rd4 42.Qxf7+  1-0

[Event "Wch U20"]
[Site "Halle"]
[Date "1995.??.??"]
[Round "4"]
[White "Sergejev, Roman"]
[Black "Pedro, Aderito"]
[Result "1-0"]
[WhiteElo "2345"]
[BlackElo "2195"]

1.Nf3 d5 2.g3 Nf6 3.Bg2 Bg4 4.c4 Bxf3 5.Bxf3 c6 6.Qb3 Qd7 7.d4 e6 8.Nc3 Na6
9.O-O Be7 10.Bf4 dxc4 11.Qxc4 Nd5 12.Bc1 Rd8 13.Rd1 O-O 14.Qb3 Nb6 15.Be3 f5
16.Bf4 Kh8 17.Be5 Nb4 18.e3 N4d5 19.a4 Nc8 20.e4 fxe4 21.Nxe4 Nb4 22.Bg4 Qd5
23.Nd2 Rfe8 24.Bxe6 Qxb3 25.Nxb3 Bf6 26.Bxc8 Rxc8 27.f4 Kg8 28.Nc5 b6 29.Ne4 Be7
30.Rac1 a5 31.Kg2 Kf7 32.Kf3 Red8 33.g4 Rd7 34.Nf2 Rcd8 35.Nd3 Nxd3 36.Rxd3 c5
37.Ke4 Rd5 38.Rcc3 cxd4 39.Rxd4 Rxd4+ 40.Bxd4 Bf6 41.Bxf6 gxf6 42.Rc6 Rd2
43.Rxb6 Rxh2 44.Kf5 Rf2 45.Rxf6+ Kg8 46.Rb6 Kg7 47.Rb7+ Kg8 48.g5 Rc2 49.Rb5 Kg7
50.Rxa5 Rxb2 51.Ra7+ Kg8 52.a5 Rc2 53.a6 Rc5+ 54.Ke6 h5 55.Rd7 Rc6+ 56.Rd6 Rc7
57.Rd8+  1-0

[Event "Wch U20"]
[Site "Halle"]
[Date "1995.??.??"]
[Round "7"]
[White "Amarasinghe, R."]
[Black "Sergejev, Roman"]
[Result "0-1"]
[WhiteElo "2205"]
[BlackElo "2345"]

1.Nf3 d5 2.g3 c6 3.Bg2 Nf6 4.d3 Bg4 5.Nbd2 Nbd7 6.O-O e5 7.e4 Bd6 8.Re1 O-O
9.c3 Re8 10.Qc2 a5 11.Nf1 Bh5 12.Ne3 Nc5 13.Nf5 Bc7 14.Bg5 Ne6 15.Bxf6 Qxf6
16.Nd2 Rad8 17.Bf3 dxe4 18.Bxe4 Nc5 19.Kg2 Bg6 20.Ne3 Nxd3 21.Rf1 Rd7 22.Bxg6 Qxg6
23.Kh1 Red8 24.Rad1 Bb6 25.Ndc4  0-1

[Event "Wch U20 Girls"]
[Site "Halle"]
[Date "1995.??.??"]
[Round "11"]
[White "Hoyos, A."]
[Black "Maggiolo, Sonia"]
[Result "0-1"]
[WhiteElo "2115"]
[BlackElo "2070"]

1.Nf3 d5 2.g3 Nf6 3.Bg2 c5 4.c4 d4 5.d3 Nc6 6.O-O e5 7.Qa4 Bd6 8.Ng5 Bd7
9.Nd2 O-O 10.Nge4 Be7 11.Nxf6+ Bxf6 12.Qb5 Qb6 13.Ne4 Be7 14.Qxb6 axb6 15.Bg5 Bxg5
16.Nxg5 Nd8 17.Ne4 Bc6 18.Nd6 Bxg2 19.Kxg2 Rb8 20.a3 Nc6 21.Rfb1 Rfd8 22.Nb5 Rd7
23.b3 f5 24.Re1 Re8 25.f3 Re6 26.Kf2 Rde7 27.h3 Kf8 28.g4 g6 29.gxf5 gxf5
30.Rg1 e4 31.Rg5 Rf7 32.dxe4 fxe4 33.Rd5 exf3 34.exf3 Re3 35.Nd6 Rfxf3+ 36.Kg2 Rg3+
37.Kf2 Ref3+ 38.Ke2 d3+ 39.Kd2 Rg2+ 40.Kc3  0-1

[Event "Wichern op"]
[Site "Hamburg"]
[Date "1995.??.??"]
[Round "1"]
[White "Wendt, Jan Dietrich"]
[Black "Mueller, Karsten"]
[Result "0-1"]
[WhiteElo "2230"]
[BlackElo "2480"]

1.Nf3 d5 2.g3 Nf6 3.Bg2 c6 4.O-O Bg4 5.d3 Nbd7 6.c4 e6 7.Nbd2 Be7 8.b3 O-O
9.Bb2 a5 10.a3 Re8 11.Qc2 Bf8 12.h3 Bh5 13.e4 dxe4 14.dxe4 Nc5 15.Ne5 Nfd7
16.g4 Nxe5 17.Bxe5 Bg6 18.f4 f6 19.Bc3 Qd3 20.Qxd3 Nxd3 21.Rf3 Red8 22.Kf1 e5
23.f5 Bf7 24.Rg3 b5  0-1

[Event "Wichern op"]
[Site "Hamburg"]
[Date "1995.??.??"]
[Round "1"]
[White "Chuchelov, Vladimir"]
[Black "Putzbach, Gerd"]
[Result "1-0"]
[WhiteElo "2550"]
[BlackElo "2260"]

1.Nf3 d5 2.g3 g6 3.Bg2 Bg7 4.d4 Nh6 5.c4 dxc4 6.e4 c5 7.d5 b5 8.O-O Bb7 9.Nc3 a6
10.Be3 Nd7 11.h3 f6 12.a4 Qb6 13.axb5 axb5 14.Rxa8+ Bxa8 15.b3 Nf7 16.bxc4 b4
17.Na4 Qc7 18.Nxc5 Nxc5 19.Bxc5 Qxc5 20.Qa4+ Bc6 21.dxc6 O-O 22.Qb5 Qa7 23.Qxb4 Rb8
24.Qd2 Rd8 25.Qb2 Nd6 26.e5 fxe5 27.Ng5 e4 28.Qe2 Rb8 29.Bxe4 Nxe4 30.Qxe4 Bf6
31.Qd5+ Kh8 32.Ne6 Rg8 33.c7 Qa6 34.Rb1 Bb2 35.Nc5 Qf6 36.Qxg8+  1-0

[Event "Wichern op"]
[Site "Hamburg"]
[Date "1995.??.??"]
[Round "4"]
[White "Weindl, Alfred"]
[Black "Szobris, Torsten"]
[Result "1/2-1/2"]
[WhiteElo "2350"]
[BlackElo "2140"]

1.g3 d5 2.Nf3 c6 3.Bg2 Bg4 4.O-O Nd7 5.d3 e6 6.Nbd2 Ngf6 7.Qe1 Bc5 8.e4 dxe4
9.dxe4 e5 10.h3 Bxf3 11.Nxf3 O-O 12.b4 Be7 13.Bb2 Qc7 14.a3 a5 15.Nh4 Rfe8
16.Nf5 Bf8 17.Ne3 axb4 18.axb4 Rxa1 19.Bxa1 Qb6 20.c3 g6 21.Qb1 Qa6 22.Rd1 b5
23.Qb3 Nb6 24.Bb2 Qa4 25.Qxa4 Nxa4 26.Ba1 Nb6 27.Bb2 Na4 28.Ba1 Nb6 29.Bb2  1/2-1/2

[Event "Wichern op"]
[Site "Hamburg"]
[Date "1995.??.??"]
[Round "6"]
[White "Sandkamp, Ralph"]
[Black "Hennig, Dirk"]
[Result "1/2-1/2"]
[WhiteElo "2210"]
[BlackElo "2365"]

1.Nf3 d5 2.g3 c6 3.Bg2 Bg4 4.b3 Nd7 5.Bb2 e6 6.d3 Ngf6 7.Nbd2 Be7 8.h3 Bh5
9.g4 Bg6 10.e3 h6  1/2-1/2

[Event "Wichern op"]
[Site "Hamburg"]
[Date "1995.??.??"]
[Round "7"]
[White "Maiwald, Jens Uwe"]
[Black "Stabolewski, Andreas"]
[Result "1-0"]
[WhiteElo "2485"]
[BlackElo "2265"]

1.Nf3 d5 2.g3 Nf6 3.Bg2 g6 4.O-O Bg7 5.d3 O-O 6.Nbd2 Nc6 7.c3 e5 8.e4 a5
9.a4 b6 10.Re1 Re8 11.exd5 Nxd5 12.Nc4 Bf5 13.h3 h6 14.Qb3 Be6 15.Bd2 Nde7
16.Qc2 f6 17.Nd4 Bd5 18.Nxc6 Nxc6 19.Ne3 Bxg2 20.Nxg2 Qd7 21.d4 g5 22.Qb3+ Kh8
23.d5 Nd8 24.h4 Nb7 25.Be3 Rad8 26.c4 Bf8 27.Qc2 Qh7 28.Qe2 Bb4 29.Rf1 Qf5
30.Kh2 Kg7 31.Rad1 Rd6 32.Bc1 Rdd8 33.Ne3 Qg6 34.Rh1 Nd6 35.Kg2 Bc5 36.Ng4 Nf5
37.hxg5 hxg5 38.Qf3 Rh8 39.Qc3 Bd4 40.Qb3 Nd6 41.Be3 Bxe3 42.Qxe3 Nxc4 43.Qe2 Nd6
44.Rc1 Rxh1 45.Rxc7+ Nf7 46.Kxh1 Qb1+ 47.Kg2 Qa2 48.Nxf6 Qxa4 49.Qh5  1-0

[Event "Wichern op"]
[Site "Hamburg"]
[Date "1995.??.??"]
[Round "9"]
[White "Kengis, Edvins"]
[Black "Hector, Jonny"]
[Result "1/2-1/2"]
[WhiteElo "2565"]
[BlackElo "2510"]

1.Nf3 d5 2.g3 Bg4 3.Bg2 Nd7 4.c4 e6 5.b3 Ngf6 6.Bb2 Bd6 7.O-O c6 8.d4 Qe7
9.Ne5 Bf5 10.Nd2 O-O 11.Qc1 a5 12.Nxd7  1/2-1/2

[Event "Harkany op "]
[Site "Harkany"]
[Date "1995.??.??"]
[Round "?"]
[White "Gyorkos, Lajos"]
[Black "Varga, Peter"]
[Result "0-1"]
[WhiteElo "2415"]
[BlackElo "2415"]

1.Nf3 d5 2.g3 c6 3.Bg2 Bg4 4.d3 Nd7 5.c4 Ngf6 6.O-O e6 7.Nc3 Be7 8.h3 Bh5
9.cxd5 exd5 10.e4 dxe4 11.dxe4 Nc5 12.Qxd8+ Rxd8 13.Nh4 Bg6 14.Be3 Nfd7 15.Nxg6 hxg6
16.Rfd1 Nb6 17.Rxd8+ Kxd8 18.b3 Ne6 19.Rd1+ Kc7 20.h4 Rd8 21.Rxd8 Bxd8 22.Bh3 Bf6
23.Ne2 Kd6 24.f4 Bb2 25.Kf1 Nd7 26.e5+ Kc7 27.Ke1 Nb6 28.Bxe6 fxe6 29.Bc5 Nd7
30.Bd6+ Kb6 31.Kd1 c5 32.Kc2 Ba3 33.h5 gxh5 34.f5 exf5 35.e6 Nf6 36.Nf4 Kc6
37.Bf8 g5 38.Nh3 Ne4 39.Bh6 Kd6 40.Bxg5 Nxg5 41.Nxg5 Bb4 42.Kd1 Bc3 43.Nf7+ Ke7
44.Ke2 Bf6  0-1

[Event "Harkany op "]
[Site "Harkany"]
[Date "1995.??.??"]
[Round "?"]
[White "Szekeres, Tibor"]
[Black "Jakab, Attila"]
[Result "1-0"]
[WhiteElo "2235"]
[BlackElo "2045"]

1.Nf3 d5 2.g3 Nf6 3.Bg2 g6 4.d3 Bg7 5.O-O O-O 6.Nbd2 c5 7.e4 Nc6 8.c3 Bg4
9.h3 Bxf3 10.Qxf3 Ne5 11.Qe2 dxe4 12.dxe4 Qd3 13.Qxd3 Nxd3 14.e5 Nxe5 15.Bxb7 Rab8
16.Ba6 e6 17.f4 Ned7 18.Be2 Nd5 19.a4 e5 20.Ne4 exf4 21.gxf4 Rfe8 22.Bf3 N5f6
23.Nd6 Re6 24.Rd1 Bf8 25.Nc4 Bh6 26.f5 gxf5 27.Bxh6  1-0

[Event "Hastings Challengers9596"]
[Site "Hastings"]
[Date "1995.??.??"]
[Round "1"]
[White "Suetin, Alexey S"]
[Black "O'Cinneide, Mel"]
[Result "1/2-1/2"]
[WhiteElo "2445"]
[BlackElo "2255"]

1.Nf3 d5 2.g3 Nf6 3.Bg2 Bf5 4.O-O e6 5.c4 c6 6.b3 Be7 7.Bb2 h6 8.d3 O-O 9.Nbd2 Nbd7
10.Qc2 Bh7 11.Rac1 a5 12.a3 Bd6 13.Qb1 Qe7 14.Qa1 Rfe8 15.Ne1 Rac8 16.Nc2 Qd8
17.e4 dxe4 18.dxe4 Qc7 19.Ne3 Rcd8 20.Rfd1 Be5 21.c5 Bxb2 22.Qxb2 Ne5 23.Rc3 Rd4
24.f3  1/2-1/2

[Event "Hastings Challengers9596"]
[Site "Hastings"]
[Date "1995.??.??"]
[Round "1"]
[White "Holl, Hans Peter"]
[Black "Ali, Ghazi Mahawi"]
[Result "1/2-1/2"]
[WhiteElo "2130"]
[BlackElo "2230"]

1.Nf3 d5 2.g3 c6 3.Bg2 Bg4 4.d3 Nd7 5.O-O e6 6.b3 Ngf6 7.Bb2 Qc7 8.Nbd2 Bd6
9.a3 O-O 10.c4 a5 11.Qc2 Rfe8 12.Rfe1 Rad8 13.Rac1 Bh5 14.cxd5 exd5 15.Nd4 Bc5
16.N2f3 Qb6 17.e3 Bf8 18.h3 Nc5 19.Nh4 Nfd7 20.Bc3 Ne5 21.Bf1 f6 22.Rb1 Ne6
23.b4 axb4 24.axb4 Qc7 25.Bg2 Bf7 26.Rec1 Qd7 27.Ba1 Ra8 28.Nhf3 Nxf3+ 29.Nxf3 Ra3
30.Bb2 Ra2 31.Qb3 Rea8 32.Nd4 Nxd4 33.Bxd4 Be6 34.h4 R8a3 35.Qd1 Bf5 36.Rb3 Ra4
37.b5 cxb5 38.Bb6 Bg4 39.Bf3 Bxf3 40.Qxf3 Ra1 41.Rxa1 Rxa1+ 42.Kh2 b4 43.h5 Ra3
44.Rb1 Rxd3 45.h6 gxh6 46.Qxf6 Qd6 47.Qxd6 Bxd6 48.Kg2 b3 49.Bd4 Kf7 50.Kf1 Bb4
51.Ke2 Rd2+ 52.Kf1 Rd3 53.Ke2  1/2-1/2

[Event "Hastings Challengers9596"]
[Site "Hastings"]
[Date "1995.??.??"]
[Round "4"]
[White "Holl, Hans Peter"]
[Black "Schmedders, Hans Gerd"]
[Result "1/2-1/2"]
[WhiteElo "2130"]
[BlackElo "2310"]

1.Nf3 d5 2.g3 c6 3.Bg2 Nf6 4.O-O Bf5 5.d3 h6 6.Nbd2 e6 7.b3 Nbd7 8.Bb2 Bc5
9.e4 dxe4 10.dxe4 Bh7 11.a3 a5 12.Qe2 O-O 13.e5 Ne8 14.Ne4 Ba7 15.Rfd1 Qe7
16.a4 Nc5 17.Nfd2 Nc7 18.Ba3 N7a6 19.Nc4 Qc7 20.h4 Rfd8 21.Bb2  1/2-1/2

[Event "Hastings Masters"]
[Site "Hastings"]
[Date "1995.??.??"]
[Round "7"]
[White "Britton, Richard"]
[Black "Parker, Jonathan"]
[Result "0-1"]
[WhiteElo "2320"]
[BlackElo "2415"]

1.Nf3 d5 2.g3 Nf6 3.Bg2 Bf5 4.O-O e6 5.d3 c5 6.Nh4 Bg6 7.Nxg6 hxg6 8.c4 Nc6
9.Nc3 d4 10.Na4 Qd7 11.a3 e5 12.b4 Ng4 13.h3 Nf6 14.g4 cxb4 15.axb4 Rc8 16.b5 Nd8
17.e3 Be7 18.exd4 exd4 19.Qf3 b6 20.Re1 Ne6 21.Bd2 Kf8 22.g5 Ne8 23.Qg4 Nd6
24.Be4 Rc7 25.f4 Nd8 26.Qxd7 Rxd7 27.Kg2 Nf5 28.Bd5 Bd6 29.Re2 Rh4 30.Rae1 Re7
31.Rxe7 Nxe7 32.Nb2 Nf5 33.Ra1 Bxf4 34.Bxf4 Rxf4 35.Nd1 Ne7 36.Be4 Nc8 37.Kg3 Rf1
38.Kg2 Rf4 39.Kg3 Ne6 40.Bb7 Nd6 41.Rxa7 Nf5+ 42.Kg2 Ne3+ 43.Nxe3 dxe3 44.Ra1 Rf2+
45.Kg3 Nd4 46.Be4 Ne2+  0-1

[Event "Hastings Challengers9596"]
[Site "Hastings"]
[Date "1995.??.??"]
[Round "7"]
[White "Cafferty, Bernard"]
[Black "Grinsell, Lee A"]
[Result "1/2-1/2"]
[WhiteElo "2260"]
[BlackElo "2130"]

1.Nf3 d5 2.g3 Nf6 3.Bg2 e6 4.c4 Be7 5.O-O O-O 6.b3 c5 7.Bb2 Nc6 8.e3 Re8
9.Qe2 Bf8 10.d3 e5 11.cxd5 Nxd5 12.a3 Bg4 13.Qc2 Rc8 14.Nbd2 Qd7 15.Rfd1 f6
16.Nf1 Qf7 17.h3 Be6 18.N1d2 b5 19.Qb1 Na5 20.a4 Nb4 21.axb5 Nxb3 22.Nxb3 Bxb3
23.Rd2 Bd5 24.Bc3 Rb8 25.Ra5 Nc6 26.Ra1 Rb7 27.Rb2 Nb4 28.e4 Be6 29.d4 exd4
30.Bxb4 cxb4 31.Nxd4 Bc4 32.Rxb4 Bxb4 33.Qxb4 Rb6 34.Qc5 Bd3 35.f3 Qc4 36.Qxc4+ Bxc4
37.Rxa7 Bxb5 38.Nf5 g6 39.Nh6+ Kh8 40.Nf7+ Kg8 41.Nh6+ Kh8 42.Nf7+  1/2-1/2

[Event "Helsinki PC-SuperSto"]
[Site "Helsinki"]
[Date "1995.??.??"]
[Round "?"]
[White "Nouro, Mikael"]
[Black "Koskinen, Henri"]
[Result "1-0"]
[WhiteElo "2250"]
[BlackElo "2260"]

1.Nf3 d5 2.g3 Bg4 3.Bg2 e6 4.O-O Bd6 5.d3 Ne7 6.e4 dxe4 7.dxe4 O-O 8.Nbd2 Bc5
9.h3 Bh5 10.Qe2 Nbc6 11.Nb3 Bb6 12.Rd1 Qe8 13.c4 a5 14.a4 Bxf3 15.Qxf3 Nb4
16.c5 Ba7 17.Qc3 b6 18.Be3 Rd8 19.Bd4 f6 20.Qc4 Qf7 21.Bc3 e5 22.Bf1 Qxc4
23.Bxc4+ Kh8 24.Bb5 Nec6 25.Bxb4 Nxb4 26.c6 g6 27.Rac1 Bb8 28.Kf1 Kg7 29.Ke2 Kf7
30.Na1 Ke7 31.Rxd8 Rxd8 32.Nc2 Nxc2 33.Rxc2 Rd4 34.Ke3 Kd6 35.f4 Ke7 36.h4 Rd1
37.Rf2 Re1+ 38.Kf3 Rd1  1-0

[Event "Hlohovec op"]
[Site "Hlohovec"]
[Date "1995.??.??"]
[Round "?"]
[White "Ianov, Viktor"]
[Black "Votava, Jan"]
[Result "0-1"]
[WhiteElo "2360"]
[BlackElo "2395"]

1.Nf3 d5 2.g3 Nf6 3.Bg2 g6 4.b3 Bg7 5.Bb2 O-O 6.c4 c6 7.O-O Bg4 8.h3 Bxf3
9.Bxf3 e6 10.Qc2 Nbd7 11.d4 h6 12.Nd2 Nh7 13.e4 Ng5 14.Bg2 Nxe4 15.Nxe4 dxe4
16.Bxe4 Rc8 17.Rad1 b5 18.Rfe1 Re8 19.Bc3 Qb6 20.Ba1 Nf6 21.Bg2 Red8 22.Qe2 Ne8
23.Qe3 bxc4 24.bxc4 Qa6 25.Qb3 Nd6 26.d5 Bxa1 27.Rxa1 exd5 28.cxd5 c5 29.h4 Nf5
30.Bh3 Rb8 31.Qd1 Nd4 32.Bg2 Rb2 33.Rf1 Qf6 34.Qa4 g5 35.hxg5 hxg5 36.Rae1 Kg7
37.Qc4 Rc2 38.Qd3 Rh8 39.f4 Qh6 40.Rf2 Qh2+ 41.Kf1 Rxf2+ 42.Kxf2 gxf4 43.gxf4 Qxf4+
44.Kg1 Rh6  0-1

[Event "Hlohovec op"]
[Site "Hlohovec"]
[Date "1995.??.??"]
[Round "?"]
[White "Ianov, Viktor"]
[Black "Veselsky, Jozef"]
[Result "1-0"]
[WhiteElo "2360"]
[BlackElo "2225"]

1.Nf3 d5 2.g3 g6 3.c4 c6 4.Qc2 Nf6 5.b3 Bg7 6.Bb2 O-O 7.Bg2 Bf5 8.d3 Qc8
9.h3 Na6 10.Nbd2 Rd8 11.a3 dxc4 12.Nxc4 Nc5 13.Nce5 Ncd7 14.Nc4 Nb6 15.Na5 Ne8
16.Rc1 Qc7 17.Bxg7 Nxg7 18.O-O Ne6 19.e4 Nd4 20.Nxd4 Rxd4 21.exf5 gxf5 22.Rfe1 e6
23.b4 Rad8 24.Re3 Nd5 25.Rf3 Ne7 26.Nb3 R4d6 27.d4 Nd5 28.Qd2 Qe7 29.Rd3 Nc7
30.f4 Kh8 31.Qe3 Kg8 32.Qe5 f6 33.Qc5 Qd7 34.a4 Na6 35.Qa5 Rc8 36.Nc5 Nxc5
37.Qxc5 b6 38.Qc4 Kg7 39.Rcc3 Rc7 40.Kh2 h5 41.h4 Rc8 42.Bf3 Kh6 43.Kh3 Qd8
44.Re3 Qd7 45.Rc2 Kg6 46.Qe2 Rh8 47.b5 cxb5 48.axb5  1-0

[Event "Horgen"]
[Site "Horgen"]
[Date "1995.??.??"]
[Round "2"]
[White "Vaganian, Rafael A"]
[Black "Gulko, Boris F"]
[Result "0-1"]
[WhiteElo "2645"]
[BlackElo "2620"]

1.Nf3 d5 2.g3 Bg4 3.Bg2 Nd7 4.O-O c6 5.d3 Ngf6 6.Nbd2 e5 7.e4 dxe4 8.dxe4 Be7
9.Nc4 O-O 10.Qe1 Qc7 11.Ne3 Bxf3 12.Bxf3 Rfe8 13.Qe2 g6 14.b3 Nc5 15.Bb2 Ne6
16.Rfd1 Nd4 17.Bxd4 exd4 18.Rxd4 Bc5 19.Rc4 Qe5 20.Re1 b5 21.b4 Bxe3 22.Rxc6 Bb6
23.c4 bxc4 24.Rxc4 Nd7 25.Kg2 Rad8 26.a4 Nf8 27.Bg4 h5 28.f4 Qd6 29.e5 Qd2
30.Bf3 Ne6 31.a5 Be3 32.Kf1 Rd3 33.Be4 Rb3 34.Rd1 Qxe2+ 35.Kxe2 Rb8 36.Bc2 Ra3
37.Rd3 Rxd3 38.Bxd3 Bg1 39.Kf1 Bd4 40.b5 Kf8 41.Rc6 Ke7 42.Kg2 Rd8 43.Bc4 Rd7
44.Rc8 Be3 45.h4 Rd2+ 46.Kf3 Bg1 47.g4 Nd4+ 48.Ke4 hxg4 49.Rc7+ Kd8 50.Rxa7 Nf5
51.Ra8+ Ke7 52.Bd3 Ng3+ 53.Kd5 Rxd3+ 54.Kc6 Rc3+  0-1

[Event "Horgen"]
[Site "Horgen"]
[Date "1995.??.??"]
[Round "8"]
[White "Gulko, Boris F"]
[Black "Jussupow, Artur"]
[Result "1/2-1/2"]
[WhiteElo "2620"]
[BlackElo "2680"]

1.Nf3 d5 2.g3 Nf6 3.Bg2 Bf5 4.O-O e6 5.d3 Be7 6.b3 h6 7.Bb2 O-O 8.c4 Bh7
9.Nbd2 Nc6 10.Ne5 Nxe5 11.Bxe5 Nd7 12.Bb2 Bf6 13.Qc2 Bxb2 14.Qxb2 Qf6 15.Qxf6 Nxf6  1/2-1/2

[Event "HUN-chT1"]
[Site "HUN"]
[Date "1995.??.??"]
[Round "?"]
[White "Szekeres, Tibor"]
[Black "Molnar, Janos"]
[Result "1-0"]
[WhiteElo "2215"]
[BlackElo "2205"]

1.Nf3 d5 2.g3 c5 3.d3 Nc6 4.Bg2 Nf6 5.O-O Bg4 6.h3 Bh5 7.Nbd2 h6 8.c3 g5
9.Qa4 Qd7 10.e4 d4 11.cxd4 cxd4 12.b4 b5 13.Qxb5 Rb8 14.Qc4 Rxb4 15.Qc2 Rb8
16.g4 Bg6 17.Nc4 Rc8 18.Qb2 Qc7 19.Re1 Bg7 20.e5 Nd7 21.Nd6+ Kf8 22.Nxc8 Qxc8
23.Qb5 Ndb8 24.Bb2 f5 25.Nxd4 Nxd4 26.Bxd4 fxg4 27.Rac1 Qd8 28.Bxa7 Nd7 29.Qb7 Be8
30.Qd5 e6 31.Qxe6 Qa5 32.Bd4 Qa3 33.Rc8 Qe7 34.Qf5+ Kg8 35.Bd5+  1-0

[Event "HUN-chT1"]
[Site "HUN"]
[Date "1995.??.??"]
[Round "?"]
[White "Szekeres, Tibor"]
[Black "Szakolczai, Peter"]
[Result "0-1"]
[WhiteElo "2215"]
[BlackElo "2225"]

1.Nf3 d5 2.g3 c6 3.Bg2 Bg4 4.d3 Nd7 5.Nbd2 e6 6.O-O Bd6 7.e4 Ne7 8.Qe1 O-O
9.e5 Bc7 10.h3 Bh5 11.c3 Bg6 12.Qe2 c5 13.d4 c4 14.Ne1 f6 15.exf6 Rxf6 16.Ndf3 h6
17.g4 Be4 18.g5 hxg5 19.Bxg5 Ng6 20.Nh4 Nf4 21.Qg4 Nxg2 22.Nexg2 Qf8 23.Bxf6 Qxf6
24.f3 Bd3 25.Rfe1 Re8 26.Re3 Qf7 27.Rae1 Nf6 28.Rxe6 Nxg4 29.Rxe8+ Kh7 30.R8e7 Bh2+
31.Kh1 Qf6 32.hxg4 Bg3 33.R1e6 Qg5 34.f4 Qxg4  0-1

[Event "HUN-chT1"]
[Site "HUN"]
[Date "1995.??.??"]
[Round "?"]
[White "Gyurkovics, Miklos"]
[Black "Forgacs, Jozsef"]
[Result "0-1"]
[WhiteElo "2260"]
[BlackElo "2300"]

1.Nf3 d5 2.g3 c6 3.Bg2 Bg4 4.O-O Nd7 5.d3 e6 6.Nbd2 Bc5 7.b3 Ne7 8.Bb2 O-O
9.c4 Bh5 10.Rc1 a5 11.a3 b5 12.cxd5 cxd5 13.h3 Qb6 14.Qc2 Rac8 15.Qb1 f6
16.e4 Ne5 17.b4 axb4 18.axb4 Bd6 19.Bd4 Qb8 20.Bc5 Nd7 21.d4 Bxc5 22.bxc5 Nc6
23.exd5 exd5 24.Qf5 Be8 25.Qxd5+ Kh8 26.Rfe1 Qc7 27.Qb3 b4 28.d5 Bf7 29.Qd3 Na5
30.Re7 Qd8 31.Qe3 Bxd5 32.c6 Nxc6 33.Rxd7 Qxd7 34.Rd1 Bf7 35.Nf1 Qxd1  0-1

[Event "HUN-chT1"]
[Site "HUN"]
[Date "1995.??.??"]
[Round "?"]
[White "Kende, Gyorgy"]
[Black "Vancsura, Vince"]
[Result "1-0"]
[WhiteElo "2255"]
[BlackElo "2195"]

1.Nf3 d5 2.g3 c6 3.Bg2 e6 4.O-O Nd7 5.d3 Ngf6 6.Nbd2 Be7 7.e4 O-O 8.Qe2 dxe4
9.dxe4 e5 10.Nc4 Qc7 11.a4 a5 12.b3 Re8 13.Bb2 Bc5 14.h3 b5 15.axb5 cxb5
16.Ne3 a4 17.Nd5 Nxd5 18.exd5 a3 19.Ng5 Bb7 20.Bc1 Bd4 21.Rxa3 b4 22.Rxa8 Rxa8
23.d6 Qc8 24.Qh5 h6 25.Qxf7+ Kh8 26.Ne6 e4 27.Nxd4  1-0

[Event "HUN-chT1"]
[Site "HUN"]
[Date "1995.??.??"]
[Round "?"]
[White "Kende, Gyorgy"]
[Black "Bauer, Peter2"]
[Result "1/2-1/2"]
[WhiteElo "2255"]
[BlackElo "2200"]

1.Nf3 d5 2.g3 Nf6 3.Bg2 g6 4.O-O Bg7 5.d3 O-O 6.Nbd2 Nbd7 7.c3 c6 8.b4 b6
9.Bb2 Bb7 10.Qb3 e6 11.a4 c5 12.a5 Rb8 13.a6 Ba8 14.b5 e5 15.e3 e4 16.dxe4 Nxe4
17.c4 Nxd2 18.Nxd2 dxc4 19.Nxc4 Bxg2 20.Kxg2 Qe7 21.Bxg7 Kxg7 22.Rad1 Rbd8
23.Qc3+ f6 24.Rd2 Ne5 25.Rfd1 Nxc4 26.Qxc4 Rxd2 27.Rxd2 Rd8 28.Rxd8 Qxd8
29.Qe6 Qf8 30.Kf3 Qf7 31.Qc6 Qe7 32.h4  1/2-1/2

[Event "HUN-chT1"]
[Site "HUN"]
[Date "1995.??.??"]
[Round "?"]
[White "Szekeres, Tibor"]
[Black "Blasovszky, Istvan"]
[Result "1-0"]
[WhiteElo "2215"]
[BlackElo "2220"]

1.Nf3 d5 2.g3 Nf6 3.Bg2 c6 4.O-O Bf5 5.d3 Nbd7 6.Nbd2 h6 7.Re1 e6 8.e4 dxe4
9.dxe4 Bh7 10.e5 Nd5 11.a3 Be7 12.c4 N5b6 13.b4 O-O 14.Qb3 c5 15.Bb2 Qc7
16.b5 Rfd8 17.a4 a5 18.Ne4 Nc8 19.Rad1 Ndb6 20.Rxd8+ Qxd8 21.Rd1 Qc7 22.Ne1 Rb8
23.f4 Nd7 24.Nc2 f5 25.exf6 Nxf6 26.Nxf6+ gxf6 27.Ne3 Kf7 28.f5 Nd6 29.fxe6+ Kxe6
30.Nd5 Qd8 31.Re1+  1-0

[Event "HUN-chT1"]
[Site "HUN"]
[Date "1995.??.??"]
[Round "?"]
[White "Karsa, Laszlo"]
[Black "Foldi, Jozsef"]
[Result "1-0"]
[WhiteElo "2385"]
[BlackElo "2305"]

1.Nf3 d5 2.g3 c6 3.Bg2 Bg4 4.c4 e6 5.O-O Nd7 6.b3 Ngf6 7.Bb2 Bd6 8.d4 Bxf3
9.exf3 a5 10.f4 a4 11.Nd2 O-O 12.c5 a3 13.Bc3 Be7 14.b4 Ne8 15.Re1 Nc7 16.Bf1 b5
17.Nb3 Nf6 18.Na5 Ra6 19.f3 g6 20.Qc1 Qa8 21.Qxa3 Nce8 22.Qb2 Bd8 23.a4 Nc7
24.Bd3 Ra7 25.Nxc6 Qxc6 26.axb5 Qb7 27.Rxa7 Qxa7 28.b6 Qb8 29.bxc7 Bxc7 30.b5 Bxf4
31.gxf4 Qxf4 32.Qf2 Ra8 33.Bd2 Qb8 34.Qg3 Qb7 35.b6 Ne8 36.Bb5 Kf8 37.Bh6+ Ke7
38.Qg5+ f6 39.Qe3 e5 40.dxe5 f5 41.c6 Qb8 42.c7  1-0

[Event "HUN-chT1"]
[Site "HUN"]
[Date "1995.??.??"]
[Round "?"]
[White "Honos, Attila"]
[Black "Izsak, Gyula"]
[Result "1-0"]
[WhiteElo "2310"]
[BlackElo "2445"]

1.Nf3 d5 2.g3 Nf6 3.Bg2 e6 4.O-O c6 5.b3 Nbd7 6.Bb2 Bd6 7.c4 O-O 8.d3 Qe7
9.Nc3 Rd8 10.Qc2 b6 11.Rfe1 Bb7 12.Rad1 Rac8 13.e3 a6 14.Qe2 b5 15.e4 dxe4
16.Nxe4 Bb4 17.Rf1 Ba3 18.Ba1 a5 19.Nd4 Nxe4 20.Qxe4 Nf6 21.Qe2 Qd7 22.Nf3 Qe7
23.Ne5 Bd6 24.Ng4 Nxg4 25.Qxg4 f5 26.Qe2 Re8 27.f4 e5 28.fxe5 Bxe5 29.Bxe5 Qxe5
30.Qxe5 Rxe5 31.d4 Re7 32.Rxf5 a4 33.Rc5 axb3 34.axb3 bxc4 35.bxc4 g6 36.d5 cxd5
37.Rxc8+ Bxc8 38.Bxd5+ Kg7 39.Kf2 Bg4 40.Rd2 Rc7 41.Ke3 Kf6 42.Kd4 Ke7 43.Rb2 h5
44.h4 Ra7 45.Rb3 Bf5 46.Ke5 Kd7 47.Rb7+  1-0

[Event "HUN-chT1"]
[Site "HUN"]
[Date "1995.??.??"]
[Round "?"]
[White "Krutti, Valer"]
[Black "Tomcsanyi, Peter"]
[Result "1-0"]
[WhiteElo "2415"]
[BlackElo "2260"]

1.Nf3 d5 2.g3 Nf6 3.Bg2 c6 4.O-O Bf5 5.b3 e6 6.Bb2 h6 7.c4 Be7 8.d3 O-O 9.Nbd2 Nbd7
10.Re1 Bh7 11.Qc2 a5 12.a3 Bd6 13.Bc3 Qe7 14.b4 axb4 15.axb4 e5 16.c5 Bc7
17.Nb3 e4 18.Nfd4 Ne5 19.Bf1 h5 20.Bh3 Nfg4 21.f3 Nh6 22.dxe4 dxe4 23.f4 Neg4
24.e3 Nf6 25.b5 cxb5 26.Nxb5 Nd5 27.Nxc7 Nxc7 28.Be5 Rxa1 29.Rxa1 Ra8 30.Rxa8+ Nxa8
31.Qa2 Qd8 32.Nd4 Bg6 33.Qa7 Ng4 34.Bxg4 hxg4 35.Qxb7 Qa5 36.Kf2 f6 37.Bd6 Qa2+
38.Ne2 Bf7 39.Qxe4 g6 40.f5 gxf5  1-0

[Event "HUN-chT2 9495"]
[Site "HUN"]
[Date "1995.??.??"]
[Round "?"]
[White "Fekete, Albert"]
[Black "Acs, Peter"]
[Result "1/2-1/2"]
[WhiteElo "2265"]
[BlackElo "2240"]

1.Nf3 d5 2.g3 Nf6 3.Bg2 c6 4.O-O Bg4 5.d3 Nbd7 6.Nbd2 e5 7.e4 Bd6 8.Qe1 O-O
9.h3 Bxf3 10.Nxf3 Re8 11.Nh4 Nc5 12.Nf5 Bf8 13.Qe2 Ne6 14.c3 Nc5 15.Rd1 a5
16.g4 g6 17.Nh6+ Bxh6 18.Bxh6 Ne6 19.Qf3 Qe7 20.Qg3 dxe4 21.dxe4 Nc5 22.Qe3 Rad8
23.Bg5 Ne6 24.Bh4 Nf4 25.Bg5 Ne6 26.Bh4 Nf4 27.Bg5  1/2-1/2

[Event "HUN-chT2 9495"]
[Site "HUN"]
[Date "1995.??.??"]
[Round "?"]
[White "Fekete, Albert"]
[Black "Farkas, Gyula"]
[Result "1-0"]
[WhiteElo "2265"]
[BlackElo "2215"]

1.Nf3 d5 2.g3 c5 3.Bg2 Nc6 4.O-O e5 5.d3 Nge7 6.Nbd2 Ng6 7.c3 Be7 8.e4 Be6
9.Re1 d4 10.Nf1 dxc3 11.bxc3 Bf6 12.Ne3 Nge7 13.c4 Nd4 14.Nxd4 exd4 15.Ng4 Nc6
16.Nxf6+ Qxf6 17.f4 Bd7 18.Rb1 Rb8 19.e5 Qg6 20.e6 fxe6 21.f5 Qxf5 22.Rf1  1-0

[Event "HUN-chT2 9495"]
[Site "HUN"]
[Date "1995.??.??"]
[Round "?"]
[White "Fekete, Albert"]
[Black "Kotan, Ladislav"]
[Result "0-1"]
[WhiteElo "2265"]
[BlackElo "2350"]

1.Nf3 d5 2.g3 c6 3.Bg2 Bg4 4.d3 Nd7 5.O-O e6 6.Nbd2 Bd6 7.b3 Ne7 8.Bb2 O-O
9.Qe1 a5 10.a4 b5 11.e4 bxa4 12.bxa4 Rb8 13.Bc3 Bb4 14.Nb3 Qb6 15.Qd2 Rfd8
16.Bxb4 axb4 17.Ng5 Bh5 18.Rfe1 h6 19.Nh3 dxe4 20.Rxe4 Bg6 21.Rc4 Ne5 22.Rc5 Nxd3
23.cxd3 Rxd3 24.Qc1 Rxb3 25.a5 Qa7 26.Rc4 Rb5 27.a6 Rb6 28.Qd1 Rd3 29.Qa4 Ra3
30.Rxa3 bxa3 31.Qxa3 Rxa6 32.Qc3 Ra3 33.Qb2 Ra2 34.Qc3 Ra1+ 35.Bf1 Nd5 36.Qb3 Rb1
37.Ra4 Rxb3 38.Rxa7 Rb1 39.Ra3 Bf5 40.Nf4 Nxf4 41.gxf4 Rb4 42.Rc3 Rxf4 43.Bg2 Rg4
44.Kf1 Rh4 45.Kg1 Rg4 46.Kf1 c5 47.f3 Rh4 48.Kg1 c4 49.Bf1 Rd4 50.Bxc4 Rd2
51.Bf1 g6 52.Re3 Kg7 53.Be2 Bc2 54.Bf1 Kf6 55.Rc3 e5 56.Rc7 Bf5 57.Rc4 Kg5
58.Bg2 Rd4 59.Rc7 Be6 60.Rc2 Kf4 61.Rc3 h5 62.Bf1 Rd2 63.Ra3 Ra2 64.Rc3 Bd5
65.Bg2 Rd2 66.Ra3 g5 67.Ra4+ Rd4 68.Ra6 Rd1+ 69.Kf2 Rd2+ 70.Kg1 g4  0-1